| 000 | 01036nam a22003737a 4500 | ||
|---|---|---|---|
| 001 | 0004596 | ||
| 003 | KOHA_MİRAKIL | ||
| 005 | 20260207001419.0 | ||
| 007 | ta | ||
| 008 | 120430b2000 tu |||gr||||#||||0|tur | | ||
| 020 | _a9754862141 | ||
| 040 |
_aTR-BiSEU _btur _cTR-BiSEU _erda |
||
| 041 | 0 | _atur | |
| 044 | _ctu | ||
| 050 |
_aTA666 _b.O33 2000 |
||
| 100 | 1 | _aOdabaşı, Yalman. | |
| 245 | 1 |
_aAhşap ve çelik yapı elemanları/ _cYalman Odabaşı ; Yalman Odabaşı. |
|
| 264 | 1 |
_aİstanbul : _bBeta _c2000 |
|
| 300 | _a[8], 479 sayfa: resimli | ||
| 336 |
_ametin _btxt _2rdacontent |
||
| 337 |
_aaracısız _bn _2rdamedia |
||
| 338 |
_acilt _bnc _2rdacarrier |
||
| 490 | 1 |
_aYayın ; _vno. |
|
| 490 | 1 | _a313. | |
| 490 | 1 |
_aTeknik dizisi ; _v18. |
|
| 500 | _aKaynakça var. | ||
| 650 | 0 |
_aAhşap yapılar. _97462 |
|
| 650 | 0 |
_aÇelik yapılar. _91561 |
|
| 650 | 0 |
_aYapı elemanları. _97463 |
|
| 830 | 1 |
_aYayın ; _vno. _91557 |
|
| 830 | 1 |
_a313. _97464 |
|
| 830 | 1 |
_aTeknik dizisi ; _v18. _91559 |
|
| 942 |
_2lcc _cBK |
||
| 999 |
_c4578 _d4578 |
||